000 00710nam a22002417a 4500
003 OSt
005 20251028054155.0
008 251028b |||||||| |||| 00| 0 eng d
020 _a971-685-699-6
040 _aDWC-Main lib.
_cOC
082 _aFil. 370.71 V422s 2009
100 _aVEGA, VIOLETA A.
245 _aSocial dimensions of education/
_cVIioleta A. Vega
260 _aQuezon City :
_bLorimar Pub. , Inc. ,
_cc2009
300 _ax, 181p. :
_bill. ;
_c26cm.
504 _aIncludes references.
650 _a1. Teachers-Training.
650 _a2. Teachers.
700 _aPRIETO, NELIA G.
700 _aPRIETO, NELIA G.
760 _brev. ed.
942 _2ddc
_cBK - FIL
_erev. ed.
_hFil.
_n0
999 _c5235
_d5235